00722nam a2200241 a 4500001001300000003000900013005001700022008004100039020001100080082001600091100002100107245002200128260003100150300000900181500003500190505006500225650002200290700002100312902000800333942000700341952011500348999001700463nice12345678IN_TiNIC20260116013435.0050524s1996 dela grp 000 0 eng  ac20.500a922.97bKID aKidwai, M Hashim aRafi Ahmed Kidwai aDelhibGovt.Of Indiac1996 a228p aincludes index and biblioraphy2 aEnglish Rendering Muhammad Akbnar Muradpuri, Abul Aziz Kamal aRafi Ahmed Kidwai1 aKidwai, M Hashim bSRS cBK 001040708StackRoom-aHMIbHMId2007-06-06g20.50l0o922.97 KIDp018542r2007-06-06v20.50w2005-05-24yBK c10993d10993